[Event "TOP 16"]
[Site "Clichy"]
[Date "2007.05.31"]
[Round "8.3"]
[White "Milov, Vadim"]
[Black "Vaisser, Anatoly"]
[Result "1-0"]
[WhiteElo "2676"]
[BlackElo "2545"]
[PlyCount "81"]
[EventDate "2007.05.31"]

1. d4 d5 2. c4 c6 3. Nf3 Nf6 4. e3 e6 5. Bd3 Nbd7 6. b3 Be7 7. Bb2 O-O 8. O-O
b6 9. Nc3 Bb7 10. Qe2 c5 11. Rad1 cxd4 12. exd4 Re8 13. Ne5 Bf8 14. f4 g6 15.
cxd5 exd5 16. f5 a6 17. Qf3 Rxe5 18. dxe5 Nxe5 19. Qh3 Bc5+ 20. Kh1 d4 21. fxg6
hxg6 22. Ne2 Nfg4 23. b4 Ne3 24. bxc5 Bxg2+ 25. Qxg2 Nxg2 26. Be4 Ne3 27. Rxd4
Qe8 28. Rc1 Nc6 29. Ng3 Nxd4 30. Bxd4 Ng4 31. cxb6 Rd8 32. Bg1 f5 33. Bc6 Qe5
34. b7 Kg7 35. Bf3 Rd2 36. Rb1 Rb2 37. Rxb2 Qxb2 38. Ne2 Kh6 39. Ba7 Qa3 40.
Ng1 Ne5 41. b8=Q 1-0

[Event "TOP 16"]
[Site "Clichy"]
[Date "2007.05.31"]
[Round "8.5"]
[White "Lautier, Joel"]
[Black "Bijaoui, Manuel"]
[Result "1-0"]
[WhiteElo "2661"]
[BlackElo "2388"]
[PlyCount "97"]
[EventDate "2007.05.31"]

1. d4 Nf6 2. c4 g6 3. Nc3 Bg7 4. e4 d6 5. f3 O-O 6. Be3 c5 7. Nge2 Nc6 8. d5
Ne5 9. Ng3 e6 10. Be2 exd5 11. cxd5 a6 12. a4 h5 13. O-O Nh7 14. Qd2 h4 15. Nh1
f5 16. Nf2 Bd7 17. Kh1 Re8 18. Rg1 Rb8 19. g4 f4 20. Bxf4 g5 21. Be3 Rf8 22.
Kg2 Qf6 23. Qd1 b5 24. axb5 axb5 25. Nh3 b4 26. Nb1 c4 27. Bd4 Qe7 28. Nd2 c3
29. Nf1 Rfc8 30. Ne3 cxb2 31. Rb1 Nxg4 32. Nxg4 Bxg4 33. Nf2 Bd7 34. Rxb2 Nf6
35. Ba6 Rf8 36. Kh1 g4 37. Be2 Kf7 38. Qd2 g3 39. hxg3 hxg3 40. Rxg3 Nh5 41.
Rxg7+ Nxg7 42. Qf4+ Ke8 43. Qh6 Rg8 44. f4 Kf7 45. Qh7 Qf8 46. f5 Ke8 47. Qg6+
Kd8 48. Qg5+ Ke8 49. Ng4 1-0

[Event "TOP 16"]
[Site "Clichy"]
[Date "2007.05.31"]
[Round "8.6"]
[White "Perez, Flavio"]
[Black "Abergel, Thal"]
[Result "0-1"]
[WhiteElo "2223"]
[BlackElo "2498"]
[PlyCount "86"]
[EventDate "2007.05.31"]

1. e4 c5 2. Nc3 Nc6 3. g3 g6 4. d3 Bg7 5. Be3 d6 6. Bg2 Rb8 7. Qd2 b5 8. Nge2
b4 9. Nd1 Nd4 10. O-O e6 11. Nc1 Ne7 12. c3 bxc3 13. bxc3 Ndc6 14. Bh6 O-O 15.
Bxg7 Kxg7 16. Ne3 Ba6 17. f4 f5 18. Nb3 Na5 19. e5 Nec6 20. Rfe1 Rb6 21. Bxc6
Rxc6 22. Nxa5 Qxa5 23. Nc4 Bxc4 24. dxc4 Qa6 25. exd6 Rxd6 26. Qe3 Qc6 27. Qe5+
Kf7 28. Re2 Rfd8 29. Rae1 a5 30. Kf2 a4 31. Rb1 Rd3 32. Rbe1 R3d6 33. Rb1 a3
34. Rb5 Qh1 35. Rxc5 Qxh2+ 36. Kf3 Rd3+ 37. Re3 Qh1+ 38. Kf2 Rd2+ 39. Re2 Qh2+
40. Kf1 Rd1+ 41. Re1 Qh1+ 42. Kf2 R8d2+ 43. Re2 Qf1+ 0-1

[Event "TOP 16"]
[Site "Clichy"]
[Date "2007.05.31"]
[Round "8.8"]
[White "Cochet, Caroline"]
[Black "Martsynovskaya, Marina"]
[WhiteElo "2059"]
[BlackElo "2227"]
[Result "1-0"]
[PlyCount "65"]
[EventDate "2007.05.31"]

1. e4 e6 2. d3 d5 3. Nd2 c5 4. g3 Nc6 5. Bg2 g6 6. Ngf3 Bg7 7. O-O Nge7 8. Re1
O-O 9. e5 Qc7 10. Qe2 Bd7 11. h4 Nf5 12. c3 h5 13. Nf1 d4 14. c4 Rab8 15. Bf4
Na5 16. N1d2 b5 17. b3 bxc4 18. bxc4 Rb2 19. Ng5 Rfb8 20. Bh3 Nh6 21. Nge4 Rc2
22. Nf6+ Kh8 23. Nxh5 Rbb2 24. Nxg7 Kxg7 25. Rad1 Rxa2 26. Bxh6+ Kxh6 27. Qg4
Bc6 28. Qg5+ Kh7 29. h5 Rxd2 30. hxg6+ fxg6 31. Rxd2 Rxd2 32. Qxd2 Nb3 33. Qf4
1-0

[Event "TOP 16"]
[Site "Clichy"]
[Date "2007.05.31"]
[Round "8.1"]
[White "Sokolov, Andrei"]
[Black "Tkachiev, Vladislav"]
[Result "1/2-1/2"]
[WhiteElo "2584"]
[BlackElo "2652"]
[PlyCount "20"]
[EventDate "2007.05.31"]
[WhiteTeam "Mulhouse"]
[BlackTeam "Cannes"]

1. e4 e5 2. Nf3 Nc6 3. Bc4 Bc5 4. d3 Nf6 5. Nc3 h6 6. Be3 Bxe3 7. fxe3 d6 8.
Nd5 Nxd5 9. Bxd5 O-O 10. O-O Ne7 1/2-1/2

[Event "TOP 16"]
[Site "Clichy"]
[Date "2007.05.31"]
[Round "8.2"]
[White "Palac, Mladen"]
[Black "Wirig, Anthony"]
[Result "1-0"]
[WhiteElo "2568"]
[BlackElo "2443"]
[PlyCount "65"]
[EventDate "2007.05.31"]
[WhiteTeam "Cannes"]

1. e4 c5 2. Nf3 e6 3. d4 cxd4 4. Nxd4 a6 5. Bd3 Bc5 6. Nb3 Ba7 7. O-O Nc6 8.
Qe2 Nge7 9. Be3 O-O 10. Bxa7 Rxa7 11. Qe3 d6 12. f4 Qc7 13. c4 Qb8 14. Nc3 b6
15. Rad1 Rb7 16. Rd2 Re8 17. Rfd1 e5 18. Be2 exf4 19. Qxf4 Rd8 20. Bg4 Ng6 21.
Qg3 Re7 22. Rxd6 Rde8 23. Rxc6 Qxg3 24. hxg3 Bxg4 25. Rdd6 Re6 26. Rxe6 Bxe6
27. Nd2 Rc8 28. Rd6 b5 29. cxb5 axb5 30. Rb6 Re8 31. Nf3 Bc4 32. Kf2 f6 33. g4
1-0

[Event "TOP 16"]
[Site "Clichy"]
[Date "2007.05.31"]
[Round "8.3"]
[White "Bricard, Emmanuel"]
[Black "Godena, Michele"]
[Result "1-0"]
[WhiteElo "2472"]
[BlackElo "2558"]
[PlyCount "79"]
[EventDate "2007.05.31"]
[WhiteTeam "Mulhouse"]
[BlackTeam "Cannes"]

1. f4 d5 2. Nf3 Nf6 3. g3 g6 4. Bg2 Bg7 5. O-O b6 6. d3 Bb7 7. Qe1 Na6 8. Nc3
Nb4 9. Qd2 O-O 10. a3 Na6 11. b4 c5 12. Rb1 Qc8 13. Nd1 Rd8 14. Bb2 Nb8 15. Nf2
Nbd7 16. Rfc1 cxb4 17. axb4 Nf8 18. b5 N8d7 19. Bd4 Nc5 20. Qb4 Qc7 21. Bh3 Bc8
22. Be5 Qb7 23. Bg2 Ng4 24. Bxg7 Kxg7 25. Nxg4 Bxg4 26. Ne5 Be6 27. Nc6 Rd6 28.
c4 dxc4 29. Nd8 Qxg2+ 30. Kxg2 Raxd8 31. dxc4 Bf5 32. Rb2 Be4+ 33. Kf2 Ba8 34.
Ra2 R8d7 35. Rca1 Be4 36. Rxa7 Rd8 37. Qc3+ Kh6 38. g4 g5 39. Rxe7 gxf4 40.
Rxf7 1-0

[Event "TOP 16"]
[Site "Clichy"]
[Date "2007.05.31"]
[Round "8.4"]
[White "Kazhgaleyev, Murtas"]
[Black "Riff, Jean-Noel"]
[Result "1-0"]
[WhiteElo "2603"]
[BlackElo "2468"]
[PlyCount "61"]
[EventDate "2007.05.31"]
[WhiteTeam "Cannes"]

1. d4 Nf6 2. c4 e6 3. Nf3 Nc6 4. a3 d6 5. Nc3 g6 6. e4 Bg7 7. h3 O-O 8. Bg5 h6
9. Be3 Re8 10. Bd3 Nd7 11. Be2 Nb6 12. O-O d5 13. exd5 exd5 14. c5 Nc4 15. Bxc4
dxc4 16. d5 Na5 17. Nd4 c6 18. Qf3 cxd5 19. Rad1 Nc6 20. Ndb5 d4 21. Bf4 Ne5
22. Bxe5 Bxe5 23. Ne4 Bd7 24. Ned6 Bxb5 25. Qxf7+ Kh8 26. Nxb5 a6 27. Nxd4 Bxd4
28. Qf4 Bxf2+ 29. Qxf2 Qe7 30. Qd4+ Qe5 31. Rf8+ 1-0

[Event "TOP 16"]
[Site "Clichy"]
[Date "2007.05.31"]
[Round "8.5"]
[White "Georgiev, Vladimir"]
[Black "Fontaine, Robert"]
[Result "1-0"]
[WhiteElo "2540"]
[BlackElo "2567"]
[PlyCount "77"]
[EventDate "2007.05.31"]
[WhiteTeam "Mulhouse"]
[BlackTeam "Cannes"]

1. d4 Nf6 2. c4 e6 3. Nc3 Bb4 4. e3 O-O 5. a3 Bxc3+ 6. bxc3 c5 7. Bd3 Nc6 8.
Ne2 Ne8 9. O-O b6 10. e4 f6 11. Be3 d6 12. d5 Ne5 13. f4 Ng4 14. Bc1 f5 15.
dxe6 fxe4 16. Bxe4 Bxe6 17. Qd3 Ngf6 18. Bxa8 Qxa8 19. Ng3 d5 20. Qf3 Bg4 21.
Qd3 dxc4 22. Qxc4+ Kh8 23. f5 Nd6 24. Qf4 Qd5 25. h3 Bd1 26. Ra2 Nc4 27. Rd2
Nxd2 28. Rxd1 Re8 29. Qxd2 Qe5 30. Qd3 c4 31. Qf3 h6 32. Kh1 Qc5 33. Kh2 b5 34.
Qf4 Nd5 35. Qd4 Qxd4 36. Rxd4 Nxc3 37. Rd7 Na2 38. Bf4 Nc3 39. Bxh6 1-0

[Event "TOP 16"]
[Site "Clichy"]
[Date "2007.05.31"]
[Round "8.6"]
[White "Cornette, Matthieu"]
[Black "Leburgue, Sylvain"]
[Result "1-0"]
[WhiteElo "2490"]
[BlackElo "2235"]
[PlyCount "51"]
[EventDate "2007.05.31"]
[WhiteTeam "Cannes"]

1. e4 c5 2. Nf3 Nc6 3. Nc3 Nf6 4. Bb5 Qc7 5. d3 Nd4 6. Ba4 g6 7. O-O Bg7 8.
Nxd4 cxd4 9. Nb5 Qa5 10. c3 dxc3 11. b4 Qd8 12. Bf4 O-O 13. Bc7 Qe8 14. Nxc3
Nh5 15. d4 f5 16. e5 f4 17. Re1 f3 18. g3 Qf7 19. Bb3 e6 20. Bd6 Qf5 21. Bxf8
Nf4 22. Qxf3 Nh3+ 23. Kg2 Qxf3+ 24. Kxf3 Bxf8 25. Ne4 Bxb4 26. Kg2 1-0

[Event "TOP 16"]
[Site "Clichy"]
[Date "2007.05.31"]
[Round "8.7"]
[White "Schmitt, Fabien"]
[Black "Guidarelli, Laurent"]
[Result "1-0"]
[WhiteElo "2164"]
[BlackElo "2458"]
[PlyCount "53"]
[EventDate "2007.05.31"]
[WhiteTeam "Mulhouse"]
[BlackTeam "Cannes"]

1. d4 Nf6 2. Nf3 c5 3. d5 b5 4. Bg5 Ne4 5. Bh4 Bb7 6. a4 b4 7. Qd3 f5 8. Nbd2
Ba6 9. Qe3 Nxd2 10. Nxd2 d6 11. g4 fxg4 12. h3 g3 13. Bxg3 Bb7 14. Ne4 e5 15.
dxe6 Nc6 16. e7 Bxe7 17. Nxd6+ Kf8 18. Nxb7 Qd7 19. Bg2 Nd4 20. O-O Re8 21. c3
Bf6 22. Bd6+ Kf7 23. Bd5+ Ne6 24. Rad1 Kg6 25. Be4+ Kh5 26. Qf3+ Kh6 27. Bf4+
1-0

[Event "TOP 16"]
[Site "Clichy"]
[Date "2007.05.31"]
[Round "8.8"]
[White "Leconte, Maria"]
[Black "Muller, Anne"]
[Result "1-0"]
[WhiteElo "2371"]
[BlackElo "2187"]
[PlyCount "65"]
[EventDate "2007.05.31"]
[WhiteTeam "Cannes"]

1. e4 c5 2. Nf3 d6 3. d4 cxd4 4. Nxd4 Nf6 5. Nc3 Nc6 6. Bc4 Qb6 7. Nb3 e6 8.
Bf4 Ne5 9. Be2 Be7 10. Be3 Qc7 11. f4 Ng6 12. Qd2 O-O 13. h4 Rd8 14. h5 Nf8 15.
h6 g6 16. O-O-O d5 17. Nb5 Qb8 18. Qc3 Bd7 19. exd5 Bxb5 20. Bxb5 Rxd5 21. Rxd5
exd5 22. f5 a6 23. Bd3 Qd8 24. Qd4 Rc8 25. Rf1 Ne8 26. fxg6 fxg6 27. Qf4 Nf6
28. g4 Qe8 29. g5 Nh5 30. Qe5 Bb4 31. Qxd5+ Ne6 32. Nd4 Bc5 33. Bc4 1-0

[Event "TOP 16"]
[Site "Clichy"]
[Date "2007.05.31"]
[Round "8.2"]
[White "Degraeve, Jean-Marc"]
[Black "Sebag, Marie"]
[Result "1-0"]
[WhiteElo "2549"]
[BlackElo "2479"]
[Annotator ",Jcb"]
[PlyCount "75"]
[EventDate "2007.05.31"]
[WhiteTeam "Gonfreville"]

1. e4 c5 2. Nc3 Nc6 3. Nf3 e5 4. Bc4 Be7 5. d3 d6 6. Nd2 Bg5 7. Nf1 Bxc1 8.
Rxc1 Nf6 9. Ne3 O-O 10. O-O Be6 11. Ncd5 Na5 12. Qd2 Nxd5 13. Bxd5 Nc6 14. c3
Qg5 15. Bxc6 bxc6 16. d4 d5 17. exd5 Bxd5 18. dxe5 Qxe5 19. b3 Qg5 20. c4 Be4
21. f3 Rad8 22. Qf2 Bd3 23. Rfe1 Rd4 24. Qg3 Qxg3 25. hxg3 Rfd8 26. Nd1 Bg6 27.
Nc3 h5 28. Kf2 Kf8 29. Na4 Rd2+ 30. Re2 Rxe2+ 31. Kxe2 Re8+ 32. Kf2 Re5 33. f4
Rf5 34. Re1 h4 35. Re5 hxg3+ 36. Kxg3 Rxe5 37. fxe5 Bb1 38. a3 {illisible} 1-0

[Event "TOP 16"]
[Site "Clichy"]
[Date "2007.05.31"]
[Round "8.3"]
[White "Marcelin, Cyril"]
[Black "Rausis, Igors"]
[Result "1/2-1/2"]
[WhiteElo "2493"]
[BlackElo "2537"]
[PlyCount "82"]
[EventDate "2007.05.31"]
[WhiteTeam "Evry"]
[BlackTeam "Gonfreville"]

1. d4 d5 2. c4 dxc4 3. e3 c5 4. Bxc4 cxd4 5. exd4 Qc7 6. Qd3 Nf6 7. Nc3 a6 8.
Nf3 Nc6 9. O-O Bg4 10. Nd5 Nxd5 11. Bxd5 e6 12. Bxc6+ Qxc6 13. Ne5 Bf5 14. Qxf5
exf5 15. Nxc6 bxc6 16. Bf4 O-O-O 17. Rac1 Kb7 18. Rc4 Bd6 19. Bxd6 Rxd6 20. Re1
Rd7 21. Re5 g6 22. Kf1 Rhd8 23. Ke2 Rxd4 24. Rxd4 Rxd4 25. Re7+ Kb6 26. Rxf7
Rh4 27. h3 a5 28. Kd3 Kc5 29. Rd7 Rb4 30. b3 a4 31. Kc3 Re4 32. Rxh7 Re2 33.
Rg7 Rxf2 34. Rxg6 Rxa2 35. bxa4 Ra3+ 36. Kb2 Rxa4 37. Rg5 Rf4 38. g4 Rf2+ 39.
Kc1 Kd4 40. Rxf5 Rxf5 41. gxf5 Ke5 1/2-1/2

[Event "TOP 16"]
[Site "Clichy"]
[Date "2007.05.31"]
[Round "8.4"]
[White "Eliet, Nicolas"]
[Black "Relange, Eloi"]
[Result "1/2-1/2"]
[WhiteElo "2464"]
[BlackElo "2476"]
[PlyCount "60"]
[EventDate "2007.05.31"]
[WhiteTeam "Gonfreville"]

1. d4 Nf6 2. c4 g6 3. Nc3 Bg7 4. Nf3 O-O 5. Bg5 c5 6. d5 h6 7. Bh4 d6 8. e3 e6
9. Nd2 exd5 10. cxd5 a6 11. a4 Nbd7 12. Be2 Re8 13. O-O Rb8 14. a5 b5 15. axb6
Qxb6 16. Nc4 Qc7 17. Bg3 Bf8 18. Qd2 Rb4 19. Na5 Bg7 20. Ra2 Nb6 21. Nc6 Rb3
22. Na5 Rb4 23. Nc6 Rb3 24. Na5 Rxc3 25. Qxc3 Nbxd5 26. Qc1 Nb4 27. Ra4 Qd7 28.
Ra1 Ne4 29. Rd1 d5 30. Nb3 Qe7 1/2-1/2

[Event "TOP 16"]
[Site "Clichy"]
[Date "2007.05.31"]
[Round "8.5"]
[White "Chabanon, Jean-Luc"]
[Black "Payen, Arnaud"]
[Result "0-1"]
[WhiteElo "2426"]
[BlackElo "2378"]
[PlyCount "62"]
[EventDate "2007.05.31"]
[WhiteTeam "Evry"]
[BlackTeam "Gonfreville"]

1. d4 d5 2. c4 e6 3. Nf3 Nf6 4. Nc3 dxc4 5. e4 Bb4 6. Bg5 c5 7. e5 cxd4 8. Nxd4
Qa5 9. exf6 Bxc3+ 10. bxc3 Qxg5 11. fxg7 Qxg7 12. Qd2 O-O 13. Bxc4 Bd7 14. O-O
Nc6 15. f4 Nxd4 16. cxd4 Bc6 17. f5 Rad8 18. f6 Qg6 19. Rf2 Kh8 20. Re1 Rg8 21.
Qb2 Rxd4 22. Bf1 Rgd8 23. Rxe6 Rd1 24. Ree2 a6 25. Qb3 h6 26. a4 Rb1 27. Qa3
Rdd1 28. h3 Bxg2 29. Qf8+ Kh7 30. Kh2 Rxf1 31. Rxf1 Bxf1 0-1

[Event "TOP 16"]
[Site "Clichy"]
[Date "2007.05.31"]
[Round "8.6"]
[White "Collas, Didier"]
[Black "Leroy, Didier"]
[Result "1/2-1/2"]
[WhiteElo "2472"]
[BlackElo "2305"]
[PlyCount "38"]
[EventDate "2007.05.31"]
[WhiteTeam "Gonfreville"]

1. e4 c5 2. Nf3 d6 3. d4 cxd4 4. Nxd4 Nf6 5. Nc3 a6 6. Be2 g6 7. Be3 Bg7 8. Qd2
Nc6 9. O-O-O Nxd4 10. Bxd4 Be6 11. g4 h6 12. h4 Qa5 13. Qd3 Rc8 14. g5 hxg5 15.
hxg5 Rxh1 16. Rxh1 Ng4 17. Bxg4 Bxd4 18. Qxd4 Qxg5+ 19. Kb1 Qxg4 1/2-1/2

[Event "TOP 16"]
[Site "Clichy"]
[Date "2007.05.31"]
[Round "8.7"]
[White "Bergez, Luc"]
[Black "Vallin, Guillaume"]
[Result "1-0"]
[WhiteElo "2398"]
[BlackElo "2418"]
[PlyCount "79"]
[EventDate "2007.05.31"]
[WhiteTeam "Evry"]
[BlackTeam "Gonfreville"]

1. e4 e6 2. b3 d5 3. Bb2 c5 4. Bb5+ Bd7 5. Bxd7+ Qxd7 6. exd5 Qxd5 7. Nf3 Qe4+
8. Kf1 Nc6 9. h4 h5 10. Rh3 Nh6 11. Ng5 Qf4 12. Nc3 Nf5 13. Qe1 Be7 14. Nce4
Ncd4 15. Rc1 f6 16. Bxd4 Nxd4 17. c3 fxg5 18. cxd4 g4 19. Rd3 cxd4 20. Rxd4 O-O
21. Rd7 Bd8 22. Rc5 e5 23. d4 g3 24. f3 Bb6 25. Rxe5 Bxd4 26. Ree7 Rac8 27.
Rxd4 Rc1 28. Rd1 Rxd1 29. Qxd1 Qxh4 30. Qd7 Qh1+ 31. Ke2 Qxg2+ 32. Ke1 Qb2 33.
Qd5+ Kh8 34. Qxh5+ Kg8 35. Qd5+ Kh8 36. Nxg3 Qxa2 37. Re5 Qa1+ 38. Kf2 Qb2+ 39.
Ne2 g6 40. Re7 1-0

[Event "TOP 16"]
[Site "Clichy"]
[Date "2007.05.31"]
[Round "8.8"]
[White "Collas, Silvia"]
[Black "Brochet, Philippe"]
[Result "1-0"]
[WhiteElo "2401"]
[BlackElo "2392"]
[PlyCount "67"]
[EventDate "2007.05.31"]
[WhiteTeam "Gonfreville"]

1. Nf3 d5 2. c4 dxc4 3. Qa4+ Nd7 4. g3 c6 5. Qxc4 e5 6. Bg2 Ngf6 7. d3 Bd6 8.
O-O O-O 9. Nbd2 a5 10. Qc2 a4 11. d4 exd4 12. Nxd4 Re8 13. Nc4 Bf8 14. Rd1 Qe7
15. Nf5 Qxe2 16. Qxe2 Rxe2 17. Nfe3 a3 18. Bf3 axb2 19. Bxb2 Rxb2 20. Nxb2 Ne5
21. Be2 Be6 22. Nbc4 Nxc4 23. Bxc4 Bc5 24. Bxe6 fxe6 25. Rab1 Ne4 26. Rxb7 Rf8
27. Rdd7 Rxf2 28. Rxg7+ Kh8 29. Rxh7+ Kg8 30. Rhg7+ Kf8 31. Rgc7 Kg8 32. Rc8+
Rf8 33. Rxf8+ Kxf8 34. Kg2 1-0

[Event "TOP 16"]
[Site "Clichy"]
[Date "2007.05.31"]
[Round "8.1"]
[White "Tregubov, Pavel V"]
[Black "Asrian, Karen"]
[Result "1/2-1/2"]
[WhiteElo "2615"]
[BlackElo "2635"]
[PlyCount "92"]
[EventDate "2007.05.31"]
[WhiteTeam "Clichy"]
[BlackTeam "Bischwiller"]

1. d4 e6 2. c4 Bb4+ 3. Bd2 Qe7 4. Nf3 Nf6 5. e3 Bxd2+ 6. Qxd2 d6 7. Nc3 O-O 8.
Rd1 e5 9. dxe5 dxe5 10. Nd5 Nxd5 11. cxd5 e4 12. Nd4 Rd8 13. Nb5 Bg4 14. Be2
Bxe2 15. Qxe2 a6 16. Nc3 Nd7 17. O-O Nf6 18. Rd4 Qd6 19. h3 Re8 20. Rfd1 Re5
21. a4 Rae8 22. Qc4 h6 23. Qb4 c5 24. dxc6 Qxc6 25. Rc4 a5 26. Qb3 Qe6 27. Rdd4
b6 28. Qc2 Rc5 29. Rxc5 bxc5 30. Rd1 Qc4 31. b3 Qb4 32. Nb5 Re7 33. Rd8+ Kh7
34. Kf1 Nd7 35. Rc8 Ne5 36. Qxc5 Qxb3 37. Kg1 Ng6 38. Qd4 Qb1+ 39. Kh2 Qd3 40.
Qd8 Qxd8 41. Rxd8 Ne5 42. Nc3 Nd3 43. Kg3 Re6 44. f4 f5 45. Rd7 Rg6+ 46. Kh2
Rc6 1/2-1/2

[Event "TOP 16"]
[Site "Clichy"]
[Date "2007.05.31"]
[Round "8.2"]
[White "Pinter, Jozsef"]
[Black "Fressinet, Laurent"]
[Result "1/2-1/2"]
[WhiteElo "2525"]
[BlackElo "2644"]
[PlyCount "38"]
[EventDate "2007.05.31"]
[WhiteTeam "Bischwiller"]

1. d4 d5 2. c4 c6 3. Nc3 Nf6 4. Nf3 dxc4 5. a4 Bf5 6. e3 e6 7. Bxc4 Bb4 8. O-O
Nbd7 9. Qe2 Bg6 10. Rd1 O-O 11. Bd2 a5 12. Be1 Qe7 13. h3 h6 14. Bd3 Bxd3 15.
Rxd3 e5 16. Nxe5 Nxe5 17. dxe5 Qxe5 18. Rad1 Rfe8 19. Qc2 Qe7 1/2-1/2

[Event "TOP 16"]
[Site "Clichy"]
[Date "2007.05.31"]
[Round "8.5"]
[White "Apicella, Manuel"]
[Black "Wagner, Claude"]
[Result "1-0"]
[WhiteElo "2555"]
[BlackElo "2365"]
[PlyCount "81"]
[EventDate "2007.05.31"]
[WhiteTeam "Clichy"]
[BlackTeam "Bischwiller"]

1. e4 c5 2. Nf3 Nc6 3. d4 cxd4 4. Nxd4 Nf6 5. Nc3 e5 6. Ndb5 d6 7. Nd5 Nxd5 8.
exd5 Nb8 9. c4 Be7 10. Be2 a6 11. Nc3 O-O 12. O-O f5 13. f4 Nd7 14. Kh1 Bf6 15.
Qc2 exf4 16. Bxf4 Be5 17. Qd2 Bxf4 18. Qxf4 Qf6 19. Rac1 b6 20. b4 Rb8 21. Na4
Bb7 22. c5 bxc5 23. bxc5 Nxc5 24. Nxc5 dxc5 25. Rxc5 Rbc8 26. Rxc8 Rxc8 27. Rd1
g5 28. Qb4 Rc7 29. Bf3 Rd7 30. g3 Kg7 31. Re1 Qf8 32. Qxf8+ Kxf8 33. Re5 Rf7
34. Bh5 Rf6 35. Kg1 Kg7 36. Re7+ Kh6 37. Bf7 Bc8 38. Rc7 f4 39. d6 Bf5 40. d7
Rd6 41. Rc6 1-0

[Event "TOP 16"]
[Site "Clichy"]
[Date "2007.05.31"]
[Round "8.6"]
[White "Schmitt, Andre"]
[Black "Edouard, Romain"]
[Result "1/2-1/2"]
[WhiteElo "2302"]
[BlackElo "2447"]
[PlyCount "105"]
[EventDate "2007.05.31"]
[WhiteTeam "Bischwiller"]

1. e4 c5 2. Nf3 d6 3. Bc4 Nf6 4. d3 Nc6 5. O-O e6 6. Bb3 Be7 7. c3 O-O 8. Re1
Qc7 9. Nbd2 Ne5 10. Nf1 b5 11. d4 Nxf3+ 12. Qxf3 Bb7 13. Ng3 a5 14. Qe2 cxd4
15. cxd4 b4 16. Bg5 h6 17. Bf4 Rfc8 18. Rac1 Qb6 19. d5 exd5 20. exd5 Bf8 21.
Qd2 Qb5 22. Nf5 a4 23. Rxc8 Rxc8 24. Bd1 Qxd5 25. Qxd5 Nxd5 26. Bxd6 Rc1 27.
Rf1 Bxd6 28. Nxd6 Ba6 29. Be2 Rc6 30. Bxa6 Rxa6 31. Nc4 a3 32. bxa3 bxa3 33.
Rd1 Nb4 34. Kf1 Ra4 35. Nb6 Ra7 36. Nc4 f5 37. Rb1 Nc2 38. Rb3 Re7 39. Ne3 Nd4
40. Rxa3 f4 41. Rd3 Ne6 42. Nd5 Ra7 43. a3 Kf7 44. Nxf4 Nxf4 45. Rf3 Kg6 46.
Rxf4 Rxa3 47. g3 h5 48. Kg2 Kh6 49. Rb4 Ra2 50. Rb6+ g6 51. h3 Kg5 52. Rb5+ Kh6
53. g4 1/2-1/2

[Event "TOP 16"]
[Site "Clichy"]
[Date "2007.05.31"]
[Round "8.7"]
[White "David, Alberto"]
[Black "Saatdjian, Thomas"]
[Result "1-0"]
[WhiteElo "2525"]
[BlackElo "2229"]
[PlyCount "63"]
[EventDate "2007.05.31"]
[WhiteTeam "Clichy"]
[BlackTeam "Bischwiller"]

1. Nf3 c5 2. e4 e6 3. d4 cxd4 4. Nxd4 a6 5. Bd3 Bc5 6. Nb3 Be7 7. Qg4 g6 8. Qe2
d6 9. a4 b6 10. Na3 Qc7 11. O-O Nd7 12. Nc4 Bb7 13. Bf4 e5 14. Be3 Ngf6 15. a5
b5 16. Nb6 Rb8 17. c4 b4 18. Nd5 Qd8 19. Bh6 Nh5 20. Nxe7 Qxe7 21. c5 Ra8 22.
c6 Bxc6 23. Bxa6 Qh4 24. f3 Ng3 25. hxg3 Qxh6 26. Rfc1 Rxa6 27. Qxa6 Qe3+ 28.
Kf1 Nb8 29. Qc4 Bb7 30. a6 Bxa6 31. Rxa6 Nxa6 32. Re1 1-0

[Event "TOP 16"]
[Site "Clichy"]
[Date "2007.05.31"]
[Round "8.8"]
[White "Lallemand, Roza"]
[Black "Skripchenko, Almira"]
[Result "0-1"]
[WhiteElo "2222"]
[BlackElo "2428"]
[PlyCount "52"]
[EventDate "2007.05.31"]
[WhiteTeam "Bischwiller"]

1. e4 e5 2. Nf3 Nc6 3. Bc4 Nf6 4. d3 Bc5 5. O-O a6 6. c3 d6 7. Bb3 Ba7 8. Nbd2
O-O 9. h3 h6 10. Re1 Nh5 11. Nf1 Qf6 12. Be3 Nf4 13. Bxf4 Qxf4 14. Ne3 Ne7 15.
g3 Qf6 16. Kg2 Ng6 17. Ng4 Qe7 18. Qe2 Kh8 19. Ne3 c6 20. Bc2 d5 21. Nf5 Qf6
22. d4 dxe4 23. Qxe4 exd4 24. N3xd4 Bd7 25. Ne7 Rae8 26. Ndf5 Bxf5 0-1

[Event "TOP 16"]
[Site "Clichy"]
[Date "2007.06.01"]
[Round "9.3"]
[White "Palac, Mladen"]
[Black "Relange, Eloi"]
[Result "1-0"]
[WhiteElo "2568"]
[BlackElo "2476"]
[PlyCount "53"]
[EventDate "2007.??.??"]

1. e4 c5 2. Nf3 e6 3. d4 cxd4 4. Nxd4 Nf6 5. Nc3 d6 6. Be2 Nc6 7. Be3 Be7 8. f4
O-O 9. O-O a6 10. a4 Re8 11. Kh1 Bd7 12. Nb3 e5 13. Nd5 Nxd5 14. exd5 Na5 15.
Nxa5 Qxa5 16. fxe5 dxe5 17. d6 Bf6 18. Bc4 Qb4 19. Bd5 Be6 20. c4 Qxb2 21. c5
Rad8 22. Bxe6 Rxe6 23. Rb1 Qc3 24. Qb3 e4 25. Qxc3 Bxc3 26. Rxb7 f6 27. c6 1-0

[Event "TOP 16"]
[Site "Clichy"]
[Date "2007.06.01"]
[Round "9.4"]
[White "Feller, Sebastien"]
[Black "Cornette, Matthieu"]
[Result "1/2-1/2"]
[WhiteElo "2445"]
[BlackElo "2490"]
[PlyCount "145"]
[EventDate "2007.??.??"]

1. c4 e6 2. Nf3 Nf6 3. d4 c5 4. d5 d6 5. Nc3 exd5 6. cxd5 g6 7. e4 Bg7 8. Be2
O-O 9. O-O Na6 10. Re1 Nc7 11. a4 Re8 12. Nd2 b6 13. Bf1 Ng4 14. Nf3 a6 15. Bg5
Bf6 16. Bf4 g5 17. Bg3 Ne5 18. Be2 Rb8 19. Nxe5 Bxe5 20. Bg4 Qf6 21. Bxc8 Rbxc8
22. Qg4 Rcd8 23. h4 Bxg3 24. Qxg3 h6 25. Re3 Re5 26. Rf1 Qf4 27. hxg5 hxg5 28.
Ne2 Qxg3 29. Nxg3 f5 30. Nxf5 Nxd5 31. Rg3 Rxe4 32. Rxg5+ Kf8 33. Rd1 Re5 34.
Rh5 Rd7 35. g4 Nf6 36. Rh8+ Kf7 37. f3 d5 38. Kf2 d4 39. Rb8 Re6 40. g5 Nd5 41.
Rh1 Kg6 42. Rf8 Re5 43. f4 Rxf5 44. Rh6+ Kg7 45. Rxf5 Ne3 46. Rff6 Ng4+ 47. Ke2
Nxf6 48. Rxf6 Re7+ 49. Kd3 b5 50. axb5 axb5 51. Rf5 Re3+ 52. Kd2 c4 53. Rxb5
Rf3 54. f5 Rg3 55. Rb7+ Kg8 56. g6 Rg5 57. Rb5 Rg2+ 58. Ke1 c3 59. bxc3 dxc3
60. Kd1 Rf2 61. Rb8+ Kg7 62. Rb7+ Kg8 63. Rf7 Rg2 64. Kc1 Rf2 65. f6 Rg2 66.
Rg7+ Kf8 67. Kd1 c2+ 68. Kc1 Rf2 69. Rf7+ Kg8 70. Kb2 Rg2 71. Rg7+ Kf8 72. Kc1
Rf2 73. Rf7+ 1/2-1/2

[Event "TOP 16"]
[Site "Clichy"]
[Date "2007.06.01"]
[Round "9.5"]
[White "Godena, Michele"]
[Black "Brochet, Philippe"]
[Result "1-0"]
[WhiteElo "2558"]
[BlackElo "2382"]
[PlyCount "73"]
[EventDate "2007.??.??"]

1. e4 c5 2. Nf3 Nc6 3. c3 Nf6 4. e5 Nd5 5. Bc4 Nb6 6. Bb3 d5 7. exd6 c4 8. Bc2
e5 9. d4 exd4 10. Nxd4 Nxd4 11. Qxd4 Qxd6 12. Qe4+ Be6 13. O-O Qd5 14. Rd1 Qxe4
15. Bxe4 Bg4 16. Rd4 Bc5 17. Bxb7 Bxd4 18. Bxa8 Bxf2+ 19. Kxf2 Nxa8 20. Be3 a6
21. Nd2 Be6 22. b3 cxb3 23. axb3 Bc8 24. Ne4 O-O 25. Nd6 Be6 26. c4 f5 27. Rxa6
f4 28. Bd4 Rd8 29. Be5 g5 30. Bf6 Nc7 31. Rc6 Ra8 32. Rxc7 Bg4 33. Rg7+ Kf8 34.
Rf7+ Kg8 35. Rg7+ Kf8 36. Rxh7 Ra2+ 37. Ke1 1-0

[Event "TOP 16"]
[Site "Clichy"]
[Date "2007.06.01"]
[Round "9.7"]
[White "Leconte, Maria"]
[Black "Leroy, Didier"]
[Result "1-0"]
[WhiteElo "2371"]
[BlackElo "2305"]
[PlyCount "63"]
[EventDate "2007.??.??"]

1. e4 c5 2. Nf3 d6 3. d4 cxd4 4. Nxd4 Nf6 5. Nc3 a6 6. g3 Bg4 7. f3 Bd7 8. Be3
Nc6 9. Qd2 Rc8 10. O-O-O Qa5 11. Nb3 Qc7 12. g4 h6 13. h4 e6 14. Be2 Ne5 15. g5
Nh5 16. f4 Nc4 17. Bxc4 Qxc4 18. Rhg1 hxg5 19. hxg5 b5 20. a3 b4 21. axb4 Qxb4
22. g6 f6 23. f5 Rxc3 24. bxc3 Qa3+ 25. Kb1 Be7 26. Bc5 Qa4 27. Bxd6 Qc6 28.
Rh1 exf5 29. Bxe7 Kxe7 30. exf5 Qb5 31. Qd6+ Kd8 32. Rd5 1-0